000 00244nam a22001097a 4500
008 170117b xxu||||| |||| 00| 0 eng d
020 _a9780073314181
041 _aeng
080 _a618.2
245 _aPRACTICING ECGS
_cSHADE, B
942 _2udc
_cBK
999 _c3026
_d3026